Bienvenue au Catalogue en Ligne des Bibliothèques de l'Universite du Burundi

Etat actuel de la diversité piscicole dans la zone littorale du Lac Tanganyika (Record no. 19017)

000 -GUIDE
Champ de contrôle de longueur fixe 01499nam a22002657a 4500
003 - IDENTITÉ DU NUMÉRO DE CONTRÔLE
Champ de contrôle BI-BuBU
008 - ÉLÉMENTS DE LONGUEUR FIXE - RENSEIGNEMENTS GÉNÉRAUX
Champ de contrôle de longueur fixe 130311t2008 bd ||||dr|||| 000 0 fre d
037 ## - SOURCE D'ACQUISITION
Source d'acquisition et du numéro d'inventaire Don de l'auteur
039 ## - NIVEAU DE CONTRÔLE BIBLIOGRAPHIQUE ET HISTORIQUE D'ENCODAGE [OBSOLETE]
Date creation 20130311171429.0
Nom catalographe Béatrice Barankeba
040 ## - SOURCE DU CATALOGAGE
Organisme qui a effectué le catalogage original BI-BuBU
Code de la langue utilisée dans le catalogage fre
Organisme qui a effectué la transcription BI-BuBU
080 ## - INDICE DE LA CLASSIFICATION DÉCIMALE UNIVERSELLE (CDU)
Indice de la Classification décimale universelle 639.3
100 1# - VEDETTE PRINCIPALE - NOM DE PERSONNE
Code de relation aut
Nom de personne Sibomana, Claver
245 10 - MENTION DU TITRE
Titre Etat actuel de la diversité piscicole dans la zone littorale du Lac Tanganyika
Reste du titre cas de l'estuaire de la Rusizi
Mention de responsabilité, etc. par Claver Sibomana ; Prof. Gaspard Ntakimazi, ...Prof. Emérite J. Claude Micha, ..., directeurs
260 ## - PUBLICATION, DIFFUSION, ETC. (ADRESSE BIBLIOGRAPHIQUE)
Lieu de publication, diffusion, etc. Bujumbura
Nom de l'éditeur, diffuseur, etc. Université du Burundi, Faculté des Sciences, DESS en Gestion et Conservation de l'Environnement et des Ressources Naturelles
Date of publication, distribution, etc 2008
300 ## - DESCRIPTION MATÉRIELLE
Collation VI-39 f.
Dimensions 29 cm.
500 ## - NOTE GÉNÉRALE
Note générale Mémoire présenté en vue de l'obtention du Diplôme d'Etudes Supérieures Spécialisées (DESS) en Gestion et Conservation de l'Environnement et des Ressources Naturelles.
650 #7 - VEDETTE-MATIÈRE - NOM COMMUN
Source du terme BI-BuBU
Vedette de sujet ou vedette comportant un nom géographique Diversité piscicole
Subdivision générale Lac Tanganyika
Subdivision géographique Rusizi (Estuaire)
9 (RLIN) 67824
655 #7 - TERME D'INDEXATION - GENRE OU FORME
Source du terme BI-BuBU
Données ou terme dominant sur le genre ou la forme Mémoire
9 (RLIN) 69817
700 1# - VEDETTE SECONDAIRE - NOM DE PERSONNE
Code de relation drt
Nom d'auteur Ntakimazi, Gaspard
9 (RLIN) 67826
700 1# - VEDETTE SECONDAIRE - NOM DE PERSONNE
Code de relation drt
Nom d'auteur Micha, J. Claude
9 (RLIN) 67827
710 ## - VEDETTE SECONDAIRE - NOM DE COLLECTIVITÉ
Nom de la collectivité ou nom de lieu comme élément de classement Université du Burundi
Collectivité subordonnée Faculté des Sciences, DESS en Gestion et Conservation de l'Environnement et des Ressources Naturelles
9 (RLIN) 67828
942 ## - ÉLÉMENTS D'ENTRÉE ADDITIONNELLE (KOHA)
Source de la classification ou du système de rangement
Type d item koha Memoire
Holdings
Statut de retrait Statut de perte Source de la classification ou du système de rangement Statut de déterioration Exclu du prêt Numéro d item Koha Localisation permanente Localisation actuelle Date d'acquisition Source d'acquisition Nombre de prêts Cote Code-barres Date last seen Numéro d'exemplaire Prix en vigueur à partir du Type d item koha Numero d'inventaire
        Not For Loan 30499 Bibliothèque Centrale Bibliothèque Centrale 11/03/2013 Don de l'auteur   R.639.3 SIB. 5010000277888 11/03/2013 1 11/03/2013 Memoire 202280
© 2019-2026 - Bibliothèques de l'Université du Burundi |Tous droits réservés
home | Pour toute information urgente Contactez nous | tel whatsupp: +25779204313